Statistics for Name a Valid Answer - General Knowledge

Click here to take the quiz!

General Stats

  • This quiz has been taken 11,744 times
  • The average score is 12 of 17

Answer Stats

Hint Answer % Correct
Number spelled in English with exactly five letters
(spell it out in letters)
three | seven | eight | forty | fifty | sixty
98%
Country on the Arabian peninsula other
than Saudi Arabia
Kuwait | Oman | Qatar | United Arab Emirates | Yemen
94%
Weapon in the board game "Clue", aka "Cluedo"candlestick | knife | lead pipe | revolver |
rope | wrench
93%
Method of execution mentioned in the Biblebeheading | burning | crucifixion | stoning
86%
Sign of the Zodiac that starts with AAries | Aquarius
84%
Vegetable, other than broccoli, which is a
variety of Brassica oleracea
cabbage | cauliflower | kale | Brussels sprouts | others ...
75%
Event in Olympic women's gymnasticsbalance beam | floor exercise | uneven bars | vault
72%
Language that uses this letter: øDanish | Norwegian | Faroese | Southern Sami
72%
Book of the Catholic Bible starting with EExodus | Ezra | Esther | Ecclesiastes |
Ecclesiasticus | Ezekiel | Ephesians
63%
Synthetic fiber developed by DuPontnylon | acrylic | spandex | Kevlar | Teflon
62%
Canadian province that doesn't border the oceanAlberta | Saskatchewan
60%
Disney movie based on a
Hans Christian Andersen fairy tale
The Little Mermaid | Frozen
59%
Official languages of a European country that
are least similar to English (top 5)
Hungarian | Finnish | Estonian | Maltese | Latvian
58%
Food that appears in the title of a song by the Beatleshoney | onion | mustard | truffle | pepper |
strawberry | pie | octopus
54%
Day of the week in Spanishlunes | martes | miércoles | jueves |
viernes | sábado | domingo
50%
One of the Three MusketeersAthos | Porthos | Aramis
47%
Titan from Greek mythologyAtlas | Cronus | Oceanus | Rhea | Prometheus | others...
44%

Score Distribution

Percentile by Number Answered

Percent of People with Each Score

Your Score History

You have not taken this quiz